000 00812cam a22002414a 4500
001 2616436
005 20180214083754.0
008 980701s1999 nju b 001 0 eng
010 _a 98034871
020 _a0691016887 (cloth : alk. paper)
040 _aDLC
_cDLC
_dDLC
041 _aeng
042 _apcc
080 _a320.51.30973 PET
082 0 0 _a320.51.30973 PET
_221
100 1 _a23
101 _aPOL
245 1 0 _aVirtue and the making of modern liberalism /
_cPeter Berkowitz.
504 _aIncludes bibliographical references (p. 193-227) and index.
906 _a7
_bcbc
_corignew
_d1
_eocip
_f19
_gy-gencatlg
942 _2ddc
_cBK
999 _c42526
_d42526